000 00509nam a22002177a 4500
003 UA-OsUOA
001 41293
007 ta
008 20060919b un ||||| |||| 00| 0 ukr d
100 _aNorth O.
090 _a821.111(73)
942 _cBK
040 _aUA-OsUOA
_beng
_cUA-OsUOA
_dUA-OsUOA
245 _aUnder fire
300 _a446 с.
955 _a3
041 _aeng
080 _a821.111(73)
650 7 _a82 Література. Літературознавство
_2UDC
999 _c327441
_d327441